El Apocalipsis de San Juan / (Record no. 176426)

MARC details
000 -LEADER
campo de control de longitud fija 00837nam a22002295i 4500
001 - NÚMERO DE CONTROL
campo de control 176426
003 - IDENTIFICADOR DE NÚMERO DE CONTROL
campo de control ES-MaACL
005 - FECHA Y HORA DE LA ÚLTIMA TRANSACCIÓN
campo de control 20230906220059.0
008 - DATOS DE LONGITUD FIJA--INFORMACIÓN GENERAL
campo de control de longitud fija 110114s1969 sp b |||| | spa d
080 ## - NÚMERO DE LA CLASIFICACIÓN DECIMAL UNIVERSAL
Número de la Clasificación Decimal Universal 27-249
100 0# - ENTRADA PRINCIPAL--NOMBRE DE PERSONA
Nombre de persona Wikenhauser, Alfred.
9 (RLIN) 116800
245 13 - MENCIÓN DEL TÍTULO
Título El Apocalipsis de San Juan /
Mención de responsabilidad, etc. Alfred Wikenhauser ; [versión castellana de Florencio Galindo].
260 ## - PUBLICACIÓN, DISTRIBUCIÓN, ETC.
Lugar de publicación, distribución, etc. Barcelona :
Nombre del editor, distribuidor, etc. Herder,
Fecha de publicación, distribución, etc. 1969.
300 ## - DESCRIPCIÓN FÍSICA
Extensión 273, [2] p. de mapas ;
Dimensiones 22 cm.
490 1# - MENCIÓN DE SERIE
Mención de serie Biblioteca Herder. Sección de Sagrada Escritura ;
Designación de volumen o secuencia 100
500 ## - NOTA GENERAL
Nota general Índice.
630 04 - PUNTO DE ACCESO ADICIONAL DE MATERIA--TÍTULO UNIFORME
Título uniforme Biblia.
Nombre de parte o sección de la obra N.T.
-- Apocalipsis-
Subdivisión general Crítica e interpretación.
9 (RLIN) 144760
700 1# - ENTRADA AGREGADA--NOMBRE PERSONAL
Nombre de persona Galindo, Florencio.
9 (RLIN) 53433
830 0# - PUNTO DE ACCESO ADICIONAL DE SERIE-TÍTULO UNIFORME
Título uniforme Biblioteca Herder. Sección de Sagrada Escritura ;
Designación de volumen o secuencia 100
9 (RLIN) 186862
852 ## - LOCALIZACIÓN
Ubicación ES-MaACL
Número de control de estantería E-14056
Encuadernación Olim P-1228
Holdings
Estatus retirado Estado de pérdida Estado de daño No para préstamo Biblioteca de origen Biblioteca actual Ubicación en estantería Fecha de adquisición Fuente de adquisición Total de préstamos Signatura topográfica completa Código de barras Visto por última vez Precio de reemplazo Tipo de ítem Koha
        Biblioteca del Ateneo de Madrid Biblioteca del Ateneo de Madrid Depósito 2 14/01/2011     E-14056 1185285 23/02/2023 23/02/2023 Libro impreso